<?xml version="1.0" encoding="UTF-8"?>
<marc:record xmlns:marc="http://www.loc.gov/MARC21/slim">
   <marc:leader>00000nam a2200000 a 4500</marc:leader>
   <marc:datafield ind1="1" ind2=" " tag="100">
      <marc:subfield code="a">Dax, Eva</marc:subfield>
      <marc:subfield code="4">aut</marc:subfield>
      <marc:subfield code="e">Verfasser/-in</marc:subfield>
   </marc:datafield>
   <marc:datafield ind1=" " ind2=" " tag="653">
      <marc:subfield code="a">Körper</marc:subfield>
   </marc:datafield>
   <marc:datafield ind1=" " ind2=" " tag="653">
      <marc:subfield code="a">MINT</marc:subfield>
   </marc:datafield>
   <marc:datafield ind1=" " ind2=" " tag="653">
      <marc:subfield code="a">Geräusch</marc:subfield>
   </marc:datafield>
   <marc:datafield ind1="0" ind2="0" tag="245">
      <marc:subfield code="a">Fräulein Hicks und die kleine Pupswolke</marc:subfield>
   </marc:datafield>
   <marc:datafield ind1=" " ind2="1" tag="264">
      <marc:subfield code="b">Verlag Friedrich Oetinger</marc:subfield>
      <marc:subfield code="c">2016</marc:subfield>
   </marc:datafield>
   <marc:datafield ind1="1" ind2=" " tag="490">
      <marc:subfield code="a">MINT - Kindergarten</marc:subfield>
   </marc:datafield>
   <marc:datafield ind1="1" ind2=" " tag="520">
      <marc:subfield code="a">Achtung: Die unaufhaltsamen Fünf sind mitten unter uns! Doch wer ist wohl am unaufhaltsamsten? Fräulein Hicks oder die kleine Pupswolke? Der Rülps, Professor Hatschi oder der Gähn-Mähn? Ein verrückter Wettstreit beginnt. Und gerade als alle glauben, es gäbe gar keinen Sieger, da taucht noch ein ganz anderer Kandidat auf - fürchterlicher als alle anderen! Das zweite Bilderbuch des starken Duos Eva Dax und Sabine Dully ist eine amüsante Auseinandersetzung mit den Körperfunktionen.</marc:subfield>
   </marc:datafield>
   <marc:datafield ind1=" " ind2=" " tag="020">
      <marc:subfield code="a">9783789103681</marc:subfield>
      <marc:subfield code="9">9783789103681</marc:subfield>
   </marc:datafield>
</marc:record>
